Normal view
MARC view
Entry Personal Name
001 - CONTROL NUMBER
- control field: 60303
003 - CONTROL NUMBER IDENTIFIER
- control field: OSt
005 - DATE AND TIME OF LATEST TRANSACTION
- control field: 20260428124240.0
008 - FIXED-LENGTH DATA ELEMENTS
- fixed length control field: 260428|| aca||aabn | a|a d
040 ## - CATALOGING SOURCE
- Original cataloging agency: OSt
- Transcribing agency: OSt
100 ## - HEADING--PERSONAL NAME
- Personal name: Arya, Abhishek and Bhagyanagar, Vipanchika S.
670 ## - SOURCE DATA FOUND
- Source citation: Work cat.: (OSt): Arya, Abhishek and Bhagyanagar, Vipanchika S. , The illusion of justice : Mercy and the foundation of criminal law in INDIA
